Largest Cities Ending in "A" - Statistics

General Stats
  • This quiz has been taken 40 times
    27 since last reset
  • The average score is 11 of 15
Answer Stats
Region Pop. City % Correct
South America 9,800,000 Bogota
92%
Southeast Asia 30,600,000 Jakarta
92%
Southeast Asia 25,200,000 Manila
92%
Middle Africa 12,000,000 Kinshasa
88%
Northern Africa 5,700,000 Alexandria
83%
South America 9,900,000 Lima
83%
East Asia 17,700,000 Osaka
83%
South Asia 16,600,000 Kolkata
79%
North America 7,350,000 Philadelphia
79%
North America 5,800,000 Atlanta
75%
Central America 5,250,000 Guadalajara
75%
South Asia 19,500,000 Dhaka
71%
Middle Africa 7,900,000 Luanda
54%
East Asia 10,500,000 Nagoya
50%
Southeast Asia 6,000,000 Surabaya
46%
No matching quizzes found
Score Distribution
Percent of People with Each Score
Percentile by Number Answered
Your Score History
You have not taken this quiz since the last reset